000 00628nam a2200229Ia 4500
003 OSt
005 20220928144912.0
006 a|||||r|||| 00| 0
007 ta
008 220927b |||||||| |||| 00| 0 eng d
024 _a76813
037 _cTextual
040 _aSDCL
_cSDCL
_beng
041 _2eng
_aeng
082 _aX:89MA1, M6
100 _aDebus G Ed.
_9510270
245 0 _aPsychology of work and organization
_b Current trends and issues.
260 _c1986
700 _a Schroiff H W Ed.
_9510271
942 _hX:89MA1, M6
_cTEXL
_2CC
999 _c830331
_d830331